000 00732nam a22002177a 4500
003 UA-OsUOA
001 102570
007 ta
008 20130923b un ||||| |||| 00| 0 ukr d
100 _aПанченко А.Г.
090 _a81
_bП16
942 _cSA
040 _aUA-OsUOA
_bukr
_cUA-OsUOA
_dUA-OsUOA
245 _aМета, місце, форми і методи самостійної роботи з англійської мови
300 _aС.33-37
955 _a0
041 _aukr
080 _a81
773 0 _w102567
_tАнглійська мова та література
_dК.
_d2013
_g26
650 7 _a8 Мовознавство. Художня література. Літературознавство
_2UDC
999 _c388759
_d388759